Sex roles
Αποθηκεύτηκε σε:
| Μορφή: | Περιοδική έκδοση |
|---|---|
| Γλώσσα: | English |
| Δημοσίευση: |
New York :
Kluwer Academic ; Plenum Publishers,
1986-
|
| Θέματα: | |
| Ετικέτες: |
Προσθήκη ετικέτας
Δεν υπάρχουν, Καταχωρήστε ετικέτα πρώτοι!
|
MARC
| LEADER | 00000cas a2200000 i 4500 | ||
|---|---|---|---|
| 001 | 1/104770 | ||
| 008 | 000317c19759999enk|||||||||||| ||eng|| | ||
| 022 | |a 0360-0025 | ||
| 035 | |l 10058968 | ||
| 040 | |a GR-My-Ua |b gre |e aacr | ||
| 041 | 0 | |a eng | |
| 082 | 0 | |a 301.4105 |2 (22) | |
| 245 | 1 | 0 | |a Sex roles |h [περιοδικό] |
| 260 | |a New York : |b Kluwer Academic ; |b Plenum Publishers, |c 1986- | ||
| 310 | |a Μηνιαίο, 1998- ; Προηγούμενη συχνότητα: Ακανόνιστη, 1975- | ||
| 500 | |a "A journal of research" | ||
| 500 | |a Λαμβάνεται πλέον σε ηλεκτρονική μορφή: https://www.springer.com/journal/11199 | ||
| 650 | 0 | 0 | |a Socialization |z United States |x Periodicals. |
| 650 | 0 | 0 | |a Sex role |x Periodicals. |
| 650 | 0 | 0 | |a Role |x Periodicals. |
| 853 | |a INST |b RHODES |c SER |h 301.4105 | ||